| 000 | 00572nam a2200193Ia 4500 | ||
|---|---|---|---|
| 005 | 20250508165655.0 | ||
| 008 | 008 250505s9999 xx 000 0 eng d | ||
| 037 | _aPeriodicals | ||
| 040 |
_aFEDL _beng _cFEDL |
||
| 041 |
_aeng _2eng |
||
| 084 |
_a523.18, CHO/O _qFEDL |
||
| 100 |
_aChown Marcus _9781577 |
||
| 245 | 0 | _aAfterglow of creation : from the fireball to the discovery of cosmic ripples | |
| 260 |
_aLondon, UK _bArrow Books Ltd. _c1993 |
||
| 300 | _a173p. | ||
| 365 |
_aGBP _b2.75 |
||
| 942 |
_cCR _h523.18, CHO/O |
||
| 999 |
_c1396671 _d1396671 |
||